Veřejné stavební právo v praxi : [aktuální předpisy, postupy, doporučení a vzory pro stavební veřejnost, právníky a veřejnou správu : základní dílo včetně aktualizací. Sv. 2, Část 5-9 /

Další autoři: Plos, Jiří, 1952-
Jazyk: Čeština
Vydáno: Praha : Verlag Dashöfer, 1998-2001
Témata:
Fyzický popis: 1 sv. (různé stránkování) ; 31 cm
Knihy
Uloženo v:
LEADER 01524nam a2200337 a 4500
001 000425115
003 CZ BrMZK
005 20090417092833.0
008 010907s1998 xr e l cze d
015 |a cnb000660410 
035 |a (OCoLC)41832223 
040 |a BOA001  |b cze 
043 |a e-xr--- 
072 7 |a 349  |x Pracovní, sociální, stavební právo. Právo životního prostředí  |2 Konspekt  |9 16 
080 |a 349.442  |2 MRF 
080 |a (437.3)  |2 MRF 
080 |a (094.5)  |2 MRF 
245 0 0 |a Veřejné stavební právo v praxi :  |b [aktuální předpisy, postupy, doporučení a vzory pro stavební veřejnost, právníky a veřejnou správu : základní dílo včetně aktualizací.  |n Sv. 2, Část 5-9 /  |c Jiří Plos ... [et al.]]. 
246 3 3 |a Aktuální příručka se vzory pro stavební praxi 
260 |a Praha :  |b Verlag Dashöfer,  |c 1998-2001 
300 |a 1 sv. (různé stránkování) ;  |c 31 cm 
500 |a Obsahuje aktualizace: 1. (únor 1999) - 8. (říjen 2000), 9. (leden 2001), 10. (duben 2001) 
500 |a Aktualizace ukončena 
500 |a Dále jako: Aktuální příručka se vzory pro stavební praxi 
650 0 7 |a stavební právo  |7 ph126081  |z Česko  |2 czenas 
650 0 7 |a stavební řízení  |7 ph126088  |z Česko  |2 czenas 
655 7 |a právní předpisy  |7 fd133151  |2 czenas 
700 1 |a Plos, Jiří,  |d 1952-  |7 ola2003191791 
910 |a BOA001  |b 04354-1058.883,2 
990 |a BK 
996 6 |b 2610096183  |c 04354-1058.883,2  |l MZK  |r Sklad / do 1 hodiny  |n 0  |p p.v.  |w 000425115  |u 000010  |a 1  |e BOA001  |j MZK50  |s P